000 01157nam2a22002891 4500
001 v19\rc\1830196
005 20250619140035.0
035 _a(NLR Aleph) 004925991
090 _a5628699
_c5628699
100 _a20071224d1908 |||y0rusy50 ca
101 0 _arus
102 _aRU
105 _ay z |||||
200 0 _aза 1907 год
210 _d1908
_aБ. м.
215 _a55 с.
461 0 _1001v19\rc\1830195
_12001#$aОтчет по эксплуатации линии Гербы-Ченстохов с ветвями...$fПравл. О-ва Гербы-Келец. ж. д.$vза 1907 год
_95628692
_aГербы-Ченстохов железная дорога
_cСанкт-Петербург
_d1908-1911
_fПравл. О-ва Гербы-Келец. ж. д.
_tОтчет по эксплуатации линии Гербы-Ченстохов с ветвями...
_vза 1907 год
801 0 _aRU
_bNLR
_gpsbo
801 0 _aRU
_bRuMoRGB
_2psbo
801 1 _aRU
_bProSoft-M
_2rusmarc
852 _aNLR
_j40.32.7.7(1907)
899 _aRuMoRGB
_jU 70/22
899 _aRuMoRGB
_jT 54/77
899 _aБАН
942 _cBOOK
980 _aNB